=LDR 00000nam 2200000 4500 =001 INLIS000000000009881 =005 20200810070607 =035 ##$$a 0010-061300000009881 =008 200810################g##########0#ind## =041 ##$$a Ind =082 ##$$a 2x3 =090 ##$$a 2x3, Ulw m =100 ##$$a Ulwan, Abdullah Nasih =245 1#$$a Manajemen cinta (tatacara bercinta dalam islam) /$c Abdullah Nasih Ulwan =260 ##$$a Jakarta :$b H.I Press,$c 1996 =300 ##$$a xii, 102 hlm, ; $c 18 x 12 cm. =650 #4$$a Aqaid dan Ilmu Kalam =850 ##$$a NBPNMAT =084 ##$$a 2x3 ULW m =250 ##$$a cet.5 =990 ##$$a 1036432